<?xml version="1.0" encoding="UTF-8"?>
<collection xmlns="http://www.loc.gov/MARC21/slim">
 <record>
  <leader>00755nam a2200157 a 4500</leader>
  <controlfield tag="001">1/47617</controlfield>
  <controlfield tag="008">180116s2017    gr       b    00110 gre d</controlfield>
  <datafield tag="022" ind1="0" ind2=" ">
   <subfield code="a">2241259Χ</subfield>
  </datafield>
  <datafield tag="035" ind1=" " ind2=" ">
   <subfield code="l">50604</subfield>
  </datafield>
  <datafield tag="082" ind1="0" ind2="0">
   <subfield code="a">340.112 EKΘ</subfield>
  </datafield>
  <datafield tag="245" ind1="0" ind2="0">
   <subfield code="a">Ετήσια έκθεση 2012-2013 /</subfield>
   <subfield code="c">Εθνική επιτροπή για τα Δικαιώματα του Ανθρώπου.</subfield>
  </datafield>
  <datafield tag="260" ind1=" " ind2=" ">
   <subfield code="a">Αθήνα :</subfield>
   <subfield code="b">Εθνικό Τυπογραφείο,</subfield>
   <subfield code="c">2014.</subfield>
  </datafield>
  <datafield tag="300" ind1=" " ind2=" ">
   <subfield code="a">480 σ. ;</subfield>
   <subfield code="c">27 εκ.</subfield>
  </datafield>
  <datafield tag="650" ind1=" " ind2="4">
   <subfield code="a">Ανθρώπινα δικαιώματα.</subfield>
  </datafield>
  <datafield tag="710" ind1="2" ind2=" ">
   <subfield code="a">Ελληνική Δημοκρατία</subfield>
   <subfield code="b">Εθνική Επιτροπή για τα Δικαιώματα του Ανθρώπου.</subfield>
  </datafield>
  <datafield tag="852" ind1=" " ind2=" ">
   <subfield code="a">INST</subfield>
   <subfield code="b">UNIPILB</subfield>
   <subfield code="c">MAIN</subfield>
   <subfield code="e">20180116</subfield>
   <subfield code="h">340.112 EKΘ</subfield>
   <subfield code="p">00178892</subfield>
   <subfield code="q">00178892</subfield>
   <subfield code="t">LOAN</subfield>
   <subfield code="y">0</subfield>
   <subfield code="4">1</subfield>
  </datafield>
 </record>
</collection>
